Statistics for Fire Pokemon quiz(gen 1 and 2)

Click here to take the quiz!

General Stats

  • This quiz has been taken 44 times
    (28 since last reset)
  • The average score is 19 of 22

Answer Stats

Pokedex #Pokemon% Correct
#4Charmander
100%
#6Charizard
100%
#5Charmeleon
100%
#77Ponyta
95%
#155Cyndaquil
95%
#78Rapidash
95%
#146Moltres
95%
#38Ninetales
95%
#37Vulpix
95%
#59Arcanine
90%
#58Growlithe
90%
#126Magmar
90%
#156Quilava
90%
#157Typhlosion
90%
#136Flareon
81%
#250Ho-oh
81%
#224Entei
76%
#240Magby
71%
#218Slugma
67%
#219Magcargo
67%
#228Houndour
67%
#229Houndoom
67%

Score Distribution

Percentile by Number Answered

Percent of People with Each Score

Your Score History

You have not taken this quiz since the last reset